banner-ar

النشاط الاقتصادى للاجانب واثرة فى المجتمع المصرى من سنة 1922 الى سنة 1952 (هدية من الاديب عبدالفتاح الجمل) / (Record no. 38728)

MARC details
000 -الفاتح
حقل البيانات ثابتة الطول 00846nam a2200229Ia 4500
008 - عناصر البيانات ثابتة الطول - معلومات عامة
حقل البيانات ثابتة الطول 140319s9999 xx 000 0 ara d
040 ## - مصدر الفهرسة
وكالة الفهرسة الأصلية GCL /
وكالة النسخ GCL
082 04 - رقم تصنيف ديوى العشرى
رقم التصنيف ق
رقم المادة 330.9
-- ن ن
100 1# - المدخل الرئيسى - إسم شخصى
الإسم الشخصى نبيل عبدالحميد سيد احمد
245 10 - بيان العنوان
العنوان النشاط الاقتصادى للاجانب واثرة فى المجتمع المصرى من سنة 1922 الى سنة 1952 (هدية من الاديب عبدالفتاح الجمل) /
بيان المسئوليه,etc نبيل عبدالحميد سيد احمد
300 ## - الوصف المادى
التعداد 515 ص
490 ## - بيان السلسلة
عنوان السلسلة
650 04 - المدخل الاضافى بالموضوع-مصطلح موضوعى
مصطلح موضوعي مصر
650 04 - المدخل الاضافى بالموضوع-مصطلح موضوعى
مصطلح موضوعي السكان الاجانب
650 04 - المدخل الاضافى بالموضوع-مصطلح موضوعى
مصطلح موضوعي اليهود فى مصر
650 04 - المدخل الاضافى بالموضوع-مصطلح موضوعى
مصطلح موضوعي الاقليات
650 04 - المدخل الاضافى بالموضوع-مصطلح موضوعى
مصطلح موضوعي التنمية الزراعية
650 04 - المدخل الاضافى بالموضوع-مصطلح موضوعى
مصطلح موضوعي التنمية الصناعية
650 04 - المدخل الاضافى بالموضوع-مصطلح موضوعى
مصطلح موضوعي الجاليات الاجنبية
942 ## - عناصر المدخل الإضافي( كوها)
مصدر التصنيف او مخطط الترفيف Dewey Decimal Classification
Koha [default] item type كتاب
Holdings
حالة التراجع حالة الفقد حالة تلف ليس للاعارة المكان المؤقت الموقع الحالى تاريخ الاكتساب اجمالي اﻻعارات رقم الطلب الباركود تاريخ اخر مشاهدة تاريخ تفعيل السعر نوع وعاء كوها
        مكتبة القاهرة الكبرى مكتبة القاهرة الكبرى 03/26/2014   ق\330.9\ن ن 94400 10/05/2022 03/26/2014 كتاب

Powered By

EGPV